01016nam a22002537a 4500003000900000001000800009007000300017008003600020100003600056090001500092942000700107040003800114245015700152300001200309955000600321041000800327080000900335020001800344260003900362650007100401999001900472952013500491952013600626UA-OsUOA 45394 ta20070418b un ||||| |||| 00| 0 ukr d aСлавинський М.М. a82-4bС47 cBK aUA-OsUOAbukrcUA-OsUOAdUA-OsUOA aЛюди і справи мого часуbВласний громадсько-політичний огляд. Свідчення очевидця a164 с. a3 aukr a82-4 a966-96426-7-1 aК.bВБ "Максимум"c2006 7a82 Література. Літературознавство2UDC c331497d331497 00102udc40708C_TOMENKOa102b102d2007-04-18e80/2007g2.00i104314l0o82-4 С47p104314r2021-09-29 00:00:00w2007-04-18yBK 00102udc40708C_TOMENKOa102b102d2007-10-15e168/2007g2.00i108670l0o82-4 С47p108670r2021-09-29 00:00:00w2007-04-18yBK